Zníženie pachovej a uhlíkovej stopy jestvujúcej priemyselnej prevádzky fytoremediáciou a sekvestráciou uhlíka

Saved in:
Bibliographic Details
Main Author: Androvičová, Sandra (Author)
Other Authors: Popovičová, Alena (Thesis advisor)
Format: Manuscript Book
Language:Slovak
Published: 2023
Subjects:
Online Access:http://is.stuba.sk/zp/portal_zp.pl?podrobnosti=178334
Tags: Add Tag
No Tags, Be the first to tag this record!

MARC

LEADER 00000ntm a22000003a 4500
001 stuzp93484
003 SK-STU
005 20230909215159.6
007 ta
008 150427s2015----xo-----f-mn---000-0-slo-d
040 |a STU  |b slo 
041 0 |a slo 
100 1 |a Androvičová, Sandra  |u 046290  |4 aut  |U FCHPT Ústav chemického a environmentálneho inžinierstva  |T FCHPT Oddelenie environmentálneho inžinierstva  |X 104793  |U C6290  |Y 120  |7 104793 
242 0 1 |a Reduction of the odor and carbon footprint of the existing industrial company by phytoremediation and carbon sequestration  |y eng 
245 1 0 |a Zníženie pachovej a uhlíkovej stopy jestvujúcej priemyselnej prevádzky fytoremediáciou a sekvestráciou uhlíka 
260 |c 2023 
650 4 |a sekvestrácia  |2 slo 
650 4 |a VOC  |2 slo 
650 4 |a oxid uhličitý  |2 slo 
650 4 |a fytoremediácia  |2 slo 
650 4 |a pachové látky  |2 slo 
650 4 |a uhlíková stopa  |2 slo 
650 4 |a phytoremediation  |2 eng 
650 4 |a carbon footprint  |2 eng 
650 4 |a sequestration  |2 eng 
650 4 |a VOCs  |2 eng 
650 4 |a carbon dioxide  |2 eng 
650 4 |a odorous substances  |2 eng 
700 1 |a Popovičová, Alena  |u 046290  |k Z8  |4 ths  |U FCHPT Ústav chemického a environmentálneho inžinierstva  |T FCHPT Oddelenie environmentálneho inžinierstva  |X 67833  |U C6290  |Y 120  |7 67833 
856 4 |u http://is.stuba.sk/zp/portal_zp.pl?podrobnosti=178334